[Event "8th ch-Euro"]
[Site "Dresden GER"]
[Date "2007.04.03"]
[Round "1"]
[White "Bakker,S"]
[Black "Jankovic,A"]
[Result "0-1"]
[WhiteElo "2232"]
[BlackElo "2541"]
[EventDate "2007.04.03"]

1. d4 Nf6 2. c4 e6 3. Nc3 Bb4 4. e3 b6 5. Nge2 Ba6 6. a3 Bxc3+ 7. Nxc3 d5
8. b3 O-O 9. Be2 Nc6 10. cxd5 Bxe2 11. Nxe2 exd5 12. O-O Re8 13. Qc2 Ne7
14. f3 Nc8 15. Bd2 Nd6 16. Rac1 Rc8 17. Nf4 c5 18. dxc5 bxc5 19. Rfd1 Qb6
20. Kh1 c4 21. bxc4 Nxc4 22. Qa2 Rcd8 23. Rb1 Qa6 24. Rb3 h6 25. Ne2 Rb8
26. Rxb8 Rxb8 27. Bc1 Qa4 28. Nc3 Qb3 29. Qxb3 Rxb3 30. Nxd5 Nxd5 31. Rxd5
Rb1 32. Rd1 Nd2 33. h4 Nb3 34. Rd8+ Kh7 35. Kh2 Rxc1 36. Rd7 a5 37. Rxf7
Ra1 38. g4 Rxa3 39. f4 Nd2 40. f5 Nf1+ 0-1

[Event "8th ch-Euro"]
[Site "Dresden GER"]
[Date "2007.04.03"]
[Round "1"]
[White "Schulz,M1"]
[Black "Gajewski,G"]
[Result "0-1"]
[WhiteElo "2274"]
[BlackElo "2540"]
[EventDate "2007.04.03"]

1. d4 d5 2. Bg5 Nd7 3. Nf3 Ngf6 4. Nbd2 e6 5. e3 c5 6. c3 Be7 7. Bd3 b6 8.
Ne5 Nxe5 9. dxe5 Nd7 10. Bxe7 Qxe7 11. f4 Bb7 12. Nf3 O-O-O 13. Bb5 Nb8 14.
Qe2 f6 15. O-O-O c4 16. Kb1 a6 17. Ba4 b5 18. Bc2 Nd7 19. Rhe1 Nc5 20. g3
Kb8 21. Rd4 Ka8 22. Red1 a5 23. Qd2 Rb8 24. b4 cxb3 25. axb3 Bc6 26. Ka2
Rhc8 27. Ra1 Rb7 28. Kb2 Ra7 29. Qd1 Nd7 30. h4 Nb6 31. Qe2 Be8 32. exf6
gxf6 33. e4 Qc5 34. Qd2 a4 35. e5 a3+ 36. Kb1 Qxc3 37. Rd3 Qb2+ 0-1

[Event "8th ch-Euro"]
[Site "Dresden GER"]
[Date "2007.04.03"]
[Round "1"]
[White "Georgiev,Vl"]
[Black "Startsev,V"]
[Result "1-0"]
[WhiteElo "2525"]
[BlackElo "2246"]
[EventDate "2007.04.03"]

1. d4 d6 2. c4 Nf6 3. Nc3 Nbd7 4. e4 e5 5. d5 Be7 6. Bd3 O-O 7. Nge2 Qe8 8.
Ng3 Nc5 9. Bc2 a5 10. Nf5 Bxf5 11. exf5 c6 12. Be3 cxd5 13. Nxd5 Nxd5 14.
Qxd5 Qc6 15. Qxc6 bxc6 16. O-O-O Nd7 17. Ba4 Rfc8 18. Rd3 d5 19. cxd5 cxd5+
20. Kb1 Nc5 21. Bxc5 Rxc5 22. Re1 e4 23. Rd2 Bg5 24. Rc2 Rxc2 25. Bxc2 g6
26. Rd1 Rd8 27. fxg6 hxg6 28. Rd4 e3 29. fxe3 Bxe3 30. Ra4 Bb6 31. b4 axb4
32. Rxb4 Bc7 33. h3 Rb8 34. Rxb8+ Bxb8 35. Bb3 d4 36. Kc2 Kg7 37. Kd3 Ba7
38. Kc4 Kf6 39. Kd5 g5 40. Bc2 Ke7 41. a4 f6 42. a5 d3 43. Bxd3 Kd7 44.
Bb5+ Kc7 45. Ke6 Bd4 46. g3 1-0

[Event "8th ch-Euro"]
[Site "Dresden GER"]
[Date "2007.04.03"]
[Round "1"]
[White "Chuchelov,V"]
[Black "Kues,H"]
[Result "1-0"]
[WhiteElo "2539"]
[BlackElo "2243"]
[EventDate "2007.04.03"]

1. Nf3 c5 2. c4 g6 3. d4 cxd4 4. Nxd4 Bg7 5. e4 Nc6 6. Nc3 Nf6 7. Be3 O-O
8. Be2 d6 9. O-O Bd7 10. Qd2 Nxd4 11. Bxd4 Bc6 12. f3 a5 13. b3 Nd7 14. Be3
Nc5 15. Rab1 Qb6 16. Rfc1 Rfc8 17. Rc2 Qd8 18. Bf1 Qf8 19. Re1 h5 20. g3
Rd8 21. Bg2 Kh7 22. Qd1 Qh8 23. Ne2 Ne6 24. Bb6 Rdc8 25. Qd2 a4 26. b4 Be8
27. f4 a3 28. e5 Bc6 29. exd6 exd6 30. b5 Bxg2 31. Kxg2 Ra4 32. Qd5 Nc7 33.
Qd3 f5 34. Qe3 1-0

[Event "8th ch-Euro"]
[Site "Dresden GER"]
[Date "2007.04.03"]
[Round "1"]
[White "Bente,B"]
[Black "Narciso Dublan,M"]
[Result "0-1"]
[WhiteElo "2228"]
[BlackElo "2537"]
[EventDate "2007.04.03"]

1. d4 d6 2. c4 e5 3. Nc3 exd4 4. Qxd4 Nc6 5. Qd1 g6 6. e4 Bg7 7. Bd3 Nf6 8.
Nge2 O-O 9. O-O Ng4 10. b3 Qh4 11. Bf4 f5 12. Bg3 Qh6 13. exf5 Bxf5 14.
Bxf5 Rxf5 15. Rc1 Nxh2 16. Bxh2 Rh5 17. Nf4 Rxh2 18. Nh3 Rxh3 19. gxh3 Qxh3
20. Qd5+ Kh8 21. Qg2 Qh6 22. Ne4 Nd4 23. Rce1 Rf8 24. Re3 Be5 25. Rd1 Qh5
26. Rdd3 Ne2+ 27. Kf1 Nf4 28. Qf3 Qh6 29. Rd1 Nd5 30. Rxd5 Rxf3 31. Rxf3
Qh1+ 32. Ke2 Qb1 33. Ng5 Qxa2+ 34. Kf1 Qb1+ 35. Kg2 c6 36. Ne6 Qe4 0-1

[Event "8th ch-Euro"]
[Site "Dresden GER"]
[Date "2007.04.03"]
[Round "1"]
[White "Pashikian,A"]
[Black "Logothetis,S"]
[Result "1-0"]
[WhiteElo "2532"]
[BlackElo "2221"]
[EventDate "2007.04.03"]

1. d4 d5 2. c4 dxc4 3. Nf3 Nf6 4. e3 e6 5. Bxc4 c5 6. O-O a6 7. Qe2 b5 8.
Bd3 cxd4 9. exd4 Be7 10. Nc3 Bb7 11. Bg5 O-O 12. Rad1 Nbd7 13. a3 Rc8 14.
Nb1 Nb6 15. Qe3 g6 16. Bh6 Re8 17. Ne5 Nbd5 1-0

[Event "8th ch-Euro"]
[Site "Dresden GER"]
[Date "2007.04.03"]
[Round "1"]
[White "Lochte,T"]
[Black "Iljin,A"]
[Result "0-1"]
[WhiteElo "2221"]
[BlackElo "2529"]
[EventDate "2007.04.03"]

1. e4 c5 2. d4 cxd4 3. c3 d3 4. Bxd3 Nc6 5. Nf3 d6 6. Bc4 e6 7. Bg5 Nf6 8.
O-O h6 9. Be3 Nxe4 10. Nbd2 Nf6 11. Re1 Be7 12. Bd3 O-O 13. Ne4 Nxe4 14.
Bxe4 d5 15. Bc2 e5 16. Nxe5 Nxe5 17. Bxh6 Ng4 18. Bf4 Bd6 19. Qxd5 Bxf4 20.
Qh5 g6 21. Bxg6 fxg6 22. Qxg6+ Kh8 23. Qh5+ Kg7 24. Qc5 Nxf2 0-1

[Event "8th ch-Euro"]
[Site "Dresden GER"]
[Date "2007.04.03"]
[Round "1"]
[White "Ruck,R"]
[Black "Sejkora,V"]
[Result "1-0"]
[WhiteElo "2531"]
[BlackElo "2213"]
[EventDate "2007.04.03"]

1. Nf3 g6 2. e4 Bg7 3. d4 d6 4. Bc4 Nf6 5. e5 dxe5 6. Nxe5 O-O 7. O-O Nbd7
8. Nc3 c6 9. h3 Nh5 10. Re1 Qc7 11. Nxf7 Nb6 12. Nh6+ Kh8 13. Bb3 Nf4 14.
Nf7+ Kg8 15. Ne5+ Kh8 16. Bxf4 Rxf4 17. Qd2 Rf8 18. Re2 e6 19. Rae1 Nd5 20.
Re4 Bd7 21. Nxd7 Qxd7 22. Bxd5 exd5 23. Re7 Qc8 24. Nd1 b6 25. c3 Qf5 26.
Ne3 Qg5 27. Nf1 Qxd2 28. Nxd2 c5 29. Nb3 Bf6 30. Rd7 cxd4 31. Nxd4 Rfd8 32.
Rb7 Rdb8 33. Rxb8+ Rxb8 34. Rd1 Kg8 35. Nc2 Rd8 36. Nb4 d4 37. Nc6 Re8 38.
Nxd4 Bxd4 39. Rxd4 Re1+ 40. Kh2 Re2 41. Rd8+ Kg7 42. Rd7+ Kh6 43. Rxa7 Rxb2
44. f3 Rc2 45. Ra3 Kg5 46. Kg3 Kf5 47. Rb3 Rxa2 48. Rb5+ 1-0

[Event "8th ch-Euro"]
[Site "Dresden GER"]
[Date "2007.04.03"]
[Round "1"]
[White "Klokas,K"]
[Black "Heberla,B"]
[Result "1-0"]
[WhiteElo "2231"]
[BlackElo "2557"]
[EventDate "2007.04.03"]

1. e4 c5 2. Nf3 d6 3. d4 cxd4 4. Nxd4 Nf6 5. Nc3 Bd7 6. Bc4 e6 7. Be3 Be7
8. O-O O-O 9. f4 Nc6 10. Bb3 Nxd4 11. Bxd4 Bc6 12. Qe2 b5 13. Nxb5 Bxb5 14.
Qxb5 Nxe4 15. f5 Bf6 16. Bxf6 Qxf6 17. Rad1 Qg5 18. Qe2 d5 19. fxe6 fxe6
20. c4 Rxf1+ 21. Rxf1 Rf8 22. Rxf8+ Kxf8 23. g3 Qd2 24. Qf3+ Ke7 25. cxd5
exd5 26. Qd1 Qf2+ 27. Kh1 d4 28. Bd5 Nd2 29. Bg2 Nc4 30. Qc1 Ne5 31. Qc5+
Kf6 32. Qd6+ Kf5 33. Qf8+ 1-0

[Event "8th ch-Euro"]
[Site "Dresden GER"]
[Date "2007.04.03"]
[Round "1"]
[White "Shanava,K"]
[Black "Lyell,M"]
[Result "1-0"]
[WhiteElo "2513"]
[BlackElo "2212"]
[EventDate "2007.04.03"]

1. e4 e5 2. Nf3 Nc6 3. Bc4 Nf6 4. d3 Bc5 5. O-O d5 6. exd5 Nxd5 7. Re1 O-O
8. Nxe5 Qh4 9. Qf3 Nf6 10. Nxc6 Ng4 11. d4 Qxh2+ 12. Kf1 Bd6 13. Ne5 Bxe5
14. dxe5 Nxe5 15. Rxe5 Qxe5 16. Nc3 Qh2 17. Ne2 h5 18. Bf4 Qh1+ 19. Ng1 Bg4
20. Qg3 Rae8 21. f3 Be6 22. Bd3 h4 23. Qg5 h3 24. gxh3 Bxh3+ 25. Kf2 Be6
26. Rf1 f6 27. Qg3 Qh5 28. Bg6 Qc5+ 29. Be3 1-0

[Event "8th ch-Euro"]
[Site "Dresden GER"]
[Date "2007.04.03"]
[Round "1"]
[White "Ringoir,T"]
[Black "Andreikin,D"]
[Result "1/2-1/2"]
[WhiteElo "2200"]
[BlackElo "2509"]
[EventDate "2007.04.03"]

1. e4 c5 2. Nc3 e6 3. g3 d5 4. exd5 exd5 5. Bg2 d4 6. Qe2+ Be7 7. Nd5 Nc6
8. d3 Be6 9. Nf4 Bd7 10. Nd5 Rc8 11. h4 h5 12. Nh3 Bg4 13. Qe4 Qd7 14. Nhf4
Kf8 15. O-O Bxh4 16. gxh4 Re8 17. Qg6 fxg6 18. Nxg6+ Kf7 19. Nxh8+ Kf8 20.
Ng6+ Kf7 21. Nh8+ Kf8 22. Ng6+ 1/2-1/2

[Event "8th ch-Euro"]
[Site "Dresden GER"]
[Date "2007.04.03"]
[Round "1"]
[White "Natsidis,C"]
[Black "Jovanovic,Zo CRO"]
[Result "0-1"]
[WhiteElo "2183"]
[BlackElo "2557"]
[EventDate "2007.04.03"]

1. d4 d6 2. e4 Nf6 3. f3 e5 4. dxe5 dxe5 5. Qxd8+ Kxd8 6. Bc4 Ke8 7. Be3
Nbd7 8. Nd2 Bc5 9. Bxc5 Nxc5 10. Ne2 a5 11. Nb3 Nfd7 12. a3 c6 13. Nxc5
Nxc5 14. Kf2 Ke7 15. Rhd1 b5 16. Ba2 Be6 17. Bxe6 Kxe6 18. b3 Rhd8 19. Ke1
a4 20. b4 Nb7 21. c4 Rxd1+ 22. Rxd1 bxc4 23. Nc3 Nd6 24. Kd2 Nb5 25. Nxb5
Rd8+ 26. Nd6 Rxd6+ 27. Kc2 Rd4 28. Rd2 c5 29. b5 Kd6 30. Kc3 Kc7 31. Rxd4
cxd4+ 32. Kxc4 Kb6 33. Kb4 f6 34. h4 h5 35. Kc4 Ka5 36. Kc5 d3 37. b6 d2
38. b7 d1=Q 39. b8=Q Qd4+ 40. Kc6 Qc3+ 41. Kd7 Qd3+ 42. Kc6 Qc4+ 43. Kd6
Qd3+ 44. Kc6 Qc3+ 45. Kd7 Qxa3 46. Qd8+ Kb5 47. Qb8+ Kc4 48. Qg8+ Kc3 49.
Qxg7 Qc5 50. Qxf6 a3 51. Qa6 Kb4 52. g4 Qb5+ 53. Qxb5+ Kxb5 54. g5 a2 55.
g6 a1=Q 56. Ke7 Qa2 57. Kf8 Qa3+ 58. Ke8 Qxf3 59. g7 Qxe4 0-1

[Event "8th ch-Euro"]
[Site "Dresden GER"]
[Date "2007.04.03"]
[Round "1"]
[White "Kayser,Fe"]
[Black "Nevednichy,V"]
[Result "0-1"]
[WhiteElo "2194"]
[BlackElo "2567"]
[EventDate "2007.04.03"]

1. e4 c5 2. c3 d5 3. exd5 Qxd5 4. d4 Nf6 5. Be3 cxd4 6. cxd4 e6 7. Nc3 Bb4
8. Nf3 O-O 9. Bd3 b6 10. O-O Bxc3 11. bxc3 Ba6 12. Bxa6 Nxa6 13. Qe2 Qb7
14. Ne5 Rac8 15. Rac1 Nb8 16. Rfe1 Nbd7 17. Nxd7 Qxd7 18. c4 Rc6 19. Red1
Rfc8 20. Bg5 Ne8 21. g3 Rd6 22. Qd3 Qa4 23. Qb3 Qa5 24. Be7 Rd7 25. Bb4 Qf5
26. Rc3 Nf6 27. Qc2 Qh5 28. Kg2 h6 29. f3 Rdc7 30. Qd3 a5 31. Ba3 Nd5 32.
Rcc1 Rxc4 33. Rxc4 Rxc4 34. Rc1 b5 35. Kg1 Qg5 0-1

[Event "8th ch-Euro"]
[Site "Dresden GER"]
[Date "2007.04.03"]
[Round "1"]
[White "Rogozenko,D"]
[Black "Leiber,B"]
[Result "1-0"]
[WhiteElo "2527"]
[BlackElo "2172"]
[EventDate "2007.04.03"]

1. d4 Nf6 2. c4 d6 3. Nc3 e5 4. Nf3 Nbd7 5. e4 Be7 6. Be2 O-O 7. O-O Re8 8.
Re1 Bf8 9. Bf1 c6 10. Rb1 a5 11. b3 exd4 12. Nxd4 Nc5 13. f3 g6 14. Bg5 h6
15. Be3 Bg7 16. Qd2 Kh7 17. Rbd1 Qe7 18. Nde2 Bf8 19. Bf4 Rd8 20. Nc1 Nh5
21. Be3 Re8 22. Nd3 Nxd3 23. Bxd3 Nf6 24. Na4 Nd7 25. Bf1 Qf6 26. Bf4 d5
27. cxd5 Bb4 28. Qc1 Bxe1 29. Rxe1 g5 30. Be3 Ne5 31. Nb6 Rb8 32. Rd1 Rd8
33. Bd4 Qe7 34. Qc3 f6 35. Qxa5 Bd7 36. Bc5 1-0

[Event "8th ch-Euro"]
[Site "Dresden GER"]
[Date "2007.04.03"]
[Round "1"]
[White "Zweschper,E"]
[Black "Sulskis,S"]
[Result "1/2-1/2"]
[WhiteElo "2170"]
[BlackElo "2525"]
[EventDate "2007.04.03"]

1. d4 Nf6 2. Nf3 b6 3. c4 e6 4. Nc3 Bb4 5. Bg5 h6 6. Bh4 Bxc3+ 7. bxc3 d6
8. e3 g5 9. Bg3 Ne4 10. Qc2 Bb7 11. Bd3 Nxg3 12. fxg3 Qe7 13. O-O Nd7 14.
e4 O-O-O 15. a4 a5 16. Qe2 f6 17. Nd2 h5 18. h3 c5 19. Rab1 h4 20. g4 e5
21. d5 Kc7 22. Rb2 Rb8 23. Nb1 Nf8 24. Qf3 Rh6 25. Na3 Bc8 26. Be2 Bd7 27.
Nb5+ Kd8 28. Bd1 Ke8 29. Qe3 Ng6 30. Bf3 Nf4 31. Rfb1 Kf7 32. Kh2 Rhh8 33.
Re1 Kg6 34. Kg1 Rb7 35. Kf2 Ra8 36. Reb1 Kh6 37. Re1 Ra6 38. Bd1 Kg7 39.
Bf3 Kh8 40. Rbb1 Ra8 1/2-1/2

[Event "8th ch-Euro"]
[Site "Dresden GER"]
[Date "2007.04.03"]
[Round "1"]
[White "Kregelin,J"]
[Black "Kulaots,K"]
[Result "0-1"]
[WhiteElo "2181"]
[BlackElo "2525"]
[EventDate "2007.04.03"]

1. d4 Nf6 2. c4 e6 3. Nc3 Bb4 4. Qc2 O-O 5. a3 Bxc3+ 6. Qxc3 b6 7. Bg5 c5
8. dxc5 bxc5 9. e3 Nc6 10. Bxf6 Qxf6 11. Qxf6 gxf6 12. Ne2 Ne5 13. Nc3 Bb7
14. Rd1 Rfd8 15. Be2 Ba6 16. Nb5 Bxb5 17. cxb5 d5 18. Kd2 Rab8 19. Kc2 c4
20. a4 a6 21. f4 Nd7 22. e4 Nc5 23. exd5 exd5 24. bxa6 Nxa6 25. Ra1 Rb4 26.
Rhd1 d4 27. Bf3 Rb3 28. Be4 Nc5 29. Bf5 d3+ 30. Kc1 Rb4 31. Ra3 Nxa4 32. b3
Nc3 33. bxc4 Rb1+ 34. Kd2 0-1

[Event "8th ch-Euro"]
[Site "Dresden GER"]
[Date "2007.04.03"]
[Round "1"]
[White "Pert,N"]
[Black "Windelband,J"]
[Result "1-0"]
[WhiteElo "2518"]
[BlackElo "2174"]
[EventDate "2007.04.03"]

1. d4 f5 2. Bg5 g6 3. Nd2 Bg7 4. e3 Nc6 5. c3 h6 6. Bh4 Nf6 7. Ngf3 d6 8.
Bc4 e6 9. Qc2 Qe7 10. O-O-O g5 11. Bg3 Bd7 12. Ne1 O-O-O 13. f3 e5 14. dxe5
Nxe5 15. Bb3 Rhf8 16. Nd3 Kb8 17. Rhe1 Nh5 18. Bf2 d5 19. Nf1 Be6 20. Ng3
Nxg3 21. Bxg3 f4 22. Nxe5 Bxe5 23. exf4 Bxf4+ 24. Bxf4 gxf4 25. Bxd5 Rxd5
26. Rxd5 Qf7 27. Rde5 Bxa2 28. Rf5 Qxf5 29. Qxf5 Rxf5 30. Re8+ 1-0

[Event "8th ch-Euro"]
[Site "Dresden GER"]
[Date "2007.04.03"]
[Round "1"]
[White "Siedentopf,D"]
[Black "Slobodjan,R"]
[Result "1/2-1/2"]
[WhiteElo "2178"]
[BlackElo "2525"]
[EventDate "2007.04.03"]

1. d4 Nf6 2. c4 e6 3. Nc3 Bb4 4. e3 O-O 5. Nge2 d5 6. a3 Be7 7. cxd5 Nxd5
8. g3 Nxc3 9. Nxc3 c5 10. dxc5 Qxd1+ 11. Kxd1 Bxc5 12. Bg2 Be7 13. Bd2 Nd7
14. Na4 Ne5 15. Bb4 Bd7 16. Nc3 Bxb4 17. axb4 Bc6 18. Bxc6 bxc6 19. Kc2
Rfb8 20. Ra4 Rb7 21. Ne4 Rab8 22. Kc3 Nd7 23. Nd6 Nb6 24. Nxb7 Nxa4+ 25.
Kb3 Rxb7 26. Kxa4 Kf8 27. Rc1 Rb6 28. Rc5 Ke7 29. Kb3 Kd7 30. Ra5 Rb7 31.
Kc4 Kd6 32. Ra6 f6 33. b3 h5 34. h4 g6 35. f3 e5 36. Kc3 Kd5 37. e4+ Kd6
38. b5 Rxb5 39. Rxa7 g5 40. hxg5 fxg5 41. Rg7 h4 42. Rxg5 hxg3 43. Rxg3 Rb8
44. Rg6+ Kd7 45. Rg5 Kd6 46. Kc4 Ra8 47. Rg6+ Kd7 48. f4 exf4 49. Rf6 Ra1
50. Rxf4 Rc1+ 51. Kd3 Kd6 52. b4 Rd1+ 53. Kc2 Re1 54. Rh4 Re3 55. Kd2 Rb3
56. Kc2 Re3 57. Kd2 1/2-1/2

[Event "8th ch-Euro"]
[Site "Dresden GER"]
[Date "2007.04.03"]
[Round "1"]
[White "Dziuba,M"]
[Black "Geske,J"]
[Result "1-0"]
[WhiteElo "2525"]
[BlackElo "2139"]
[EventDate "2007.04.03"]

1. d4 Nf6 2. c4 g6 3. Nc3 Bg7 4. e4 d6 5. h3 O-O 6. Nf3 e5 7. d5 Na6 8. Bg5
h6 9. Be3 Nc5 10. Nd2 a5 11. g4 c6 12. Be2 Bd7 13. h4 a4 14. h5 Qa5 15. f3
cxd5 16. cxd5 b5 17. a3 g5 18. Kf2 Rfc8 19. Qb1 Rc7 20. Na2 Bf8 21. Rc1
Rac8 22. b4 axb3 23. Nxb3 Qxa3 24. Nxc5 dxc5 25. Nc3 Qb4 26. Nxb5 Qxb1 27.
Rcxb1 Rb7 28. Na3 Rxb1 29. Rxb1 Bxg4 30. fxg4 Nxe4+ 31. Kf3 Nc3 32. Rb7 c4
33. Nc2 Nxd5 34. Ba7 Kg7 35. Bf1 Kf6 36. Bg2 Nf4 37. Bf1 Nd5 38. Ke4 Nc3+
39. Ke3 Nd5+ 40. Kd2 Nf4 41. Ne3 c3+ 42. Kc2 Ne6 43. Bc4 Bd6 44. Kxc3 e4
45. Nd5+ Kg7 46. Ne7 Be5+ 47. Kb3 Nc5+ 48. Bxc5 Rxc5 49. Nf5+ Kg8 50. Nxh6+
1-0

[Event "8th ch-Euro"]
[Site "Dresden GER"]
[Date "2007.04.03"]
[Round "1"]
[White "Jaenig,R"]
[Black "Winants,L"]
[Result "0-1"]
[WhiteElo "2176"]
[BlackElo "2516"]
[EventDate "2007.04.03"]

1. e4 e5 2. Nf3 Nc6 3. Bb5 a6 4. Bxc6 dxc6 5. Nc3 f6 6. d4 exd4 7. Nxd4 c5
8. Nde2 Qxd1+ 9. Nxd1 Be6 10. Bf4 O-O-O 11. Ne3 Ne7 12. f3 Nc6 13. a3 c4
14. Kf2 Bc5 15. Rhd1 g5 16. Bg3 f5 17. exf5 Bxf5 18. c3 Bd3 19. Ng1 Rhe8
20. Re1 Re7 0-1

[Event "8th ch-Euro"]
[Site "Dresden GER"]
[Date "2007.04.03"]
[Round "1"]
[White "Kaphle,St"]
[Black "Shengelia,D"]
[Result "0-1"]
[WhiteElo "2128"]
[BlackElo "2523"]
[EventDate "2007.04.03"]

1. e4 c5 2. Nf3 d6 3. d4 cxd4 4. Nxd4 Nf6 5. Nc3 Nc6 6. Bg5 e6 7. Qd2 Be7
8. f4 Qb6 9. O-O-O Qxd4 10. Qxd4 Nxd4 11. Rxd4 a6 12. Be2 Bd7 13. Bf3 Bc6
14. Rhd1 O-O-O 15. a4 h6 16. Bh4 g5 17. fxg5 Nd7 18. Bg3 e5 19. Rc4 Bxg5+
20. Kb1 Nb6 21. Rb4 Be3 22. a5 Nd7 23. Rc4 Nc5 24. b4 Ne6 25. Nd5 Bd4 26.
c3 Ba7 27. Ne7+ Kc7 28. Nxc6 bxc6 29. h4 Rdg8 30. Be1 Rg7 31. g3 Rhg8 32.
Bh5 Kd7 33. Rd3 Nd8 34. Kc2 Bg1 35. b5 cxb5 36. Rb4 Ne6 37. Rf3 Ke7 38. Bd2
f6 39. g4 Rxg4 40. Bxg4 Rxg4 41. Bxh6 d5 42. h5 dxe4 43. Rh3 Rg2+ 44. Kb1
f5 45. c4 Bc5 46. Rb2 Rg1+ 47. Ka2 bxc4 48. Rc2 f4 49. Rxc4 e3 50. Re4 Bd4
0-1

[Event "8th ch-Euro"]
[Site "Dresden GER"]
[Date "2007.04.03"]
[Round "1"]
[White "Perlitz,S"]
[Black "Petrik,T"]
[Result "1/2-1/2"]
[WhiteElo "2141"]
[BlackElo "2531"]
[EventDate "2007.04.03"]

1. e4 e6 2. d4 d5 3. Nd2 c5 4. exd5 Qxd5 5. Ngf3 cxd4 6. Bc4 Qd6 7. O-O Nf6
8. Nb3 Nc6 9. Nbxd4 Nxd4 10. Qxd4 Bd7 11. Be3 Qxd4 12. Bxd4 Rc8 13. Ne5 Bc5
14. Rad1 Bxd4 15. Rxd4 Ke7 16. Nxd7 Nxd7 17. Rfd1 Nf6 18. f4 Rc5 19. c3 h6
20. Be2 b6 21. c4 g5 22. Rf1 Rc7 23. g3 Rd7 24. Rxd7+ Nxd7 25. Kf2 Nc5 26.
b4 Ne4+ 27. Ke3 f5 28. Rc1 Rc8 29. Bf3 Nd6 30. c5 bxc5 31. Rxc5 Rxc5 32.
bxc5 Nf7 33. Kd4 g4 34. Bd1 Nd8 35. Ba4 Nf7 36. Bb3 Nd8 37. Ba4 Nf7 38. Bb3
Nd8 1/2-1/2

[Event "8th ch-Euro"]
[Site "Dresden GER"]
[Date "2007.04.03"]
[Round "1"]
[White "Romanov,E"]
[Black "Kuehner,C"]
[Result "1-0"]
[WhiteElo "2501"]
[BlackElo "2135"]
[EventDate "2007.04.03"]

1. e4 c5 2. Nf3 e6 3. d4 cxd4 4. Nxd4 a6 5. Bd3 Nf6 6. O-O d5 7. e5 Nfd7 8.
Nxe6 Qb6 9. Nxf8 Kxf8 10. Bf5 Nc6 11. Nc3 d4 12. Nd5 Qa5 13. Bxd7 Bxd7 14.
c4 Be6 15. Bd2 Qc5 16. b4 Qa7 17. Re1 b5 18. cxb5 axb5 19. Nf4 Qa3 20.
Nxe6+ fxe6 21. Qg4 Re8 22. Rac1 1-0

[Event "8th ch-Euro"]
[Site "Dresden GER"]
[Date "2007.04.03"]
[Round "1"]
[White "Gnirk,T"]
[Black "Jenni,F"]
[Result "0-1"]
[WhiteElo "2131"]
[BlackElo "2519"]
[EventDate "2007.04.03"]

1. e4 e5 2. Bc4 Nf6 3. d3 Bc5 4. Nf3 Nc6 5. c3 a6 6. O-O Ba7 7. Re1 d6 8.
Bb3 O-O 9. Nbd2 Kh8 10. Nf1 Ng4 11. d4 f5 12. exf5 Bxf5 13. Bg5 Qd7 14. Ng3
exd4 15. Nxf5 Qxf5 16. Be6 Nxf2 17. Qb3 Qg6 18. Qxb7 dxc3 19. Be3 Bxe3 20.
Rxe3 Rab8 21. Qxc6 cxb2 22. Rf1 b1=Q 23. Rxb1 Rxb1+ 24. Kxf2 Rb2+ 25. Re2
Rxe2+ 26. Kxe2 Qxe6+ 27. Kd3 Qg6+ 0-1

[Event "8th ch-Euro"]
[Site "Dresden GER"]
[Date "2007.04.03"]
[Round "1"]
[White "Erdos,V"]
[Black "Baer,So"]
[Result "1-0"]
[WhiteElo "2518"]
[BlackElo "2121"]
[EventDate "2007.04.03"]

1. d4 Nf6 2. c4 e6 3. Nf3 b6 4. Nc3 Bb4 5. Bg5 Bb7 6. Nd2 h6 7. Bh4 Be7 8.
e4 Nxe4 9. Bxe7 Nxc3 10. Bxd8 Nxd1 11. Bxc7 Nxb2 12. a4 d5 13. cxd5 exd5
14. Ra2 Nc4 15. Nxc4 dxc4 16. Bxc4 O-O 17. d5 Na6 18. Bxa6 Bxa6 19. f3
Rfe8+ 20. Kf2 Bc8 21. Rd1 Bd7 22. a5 b5 23. a6 f6 24. Bf4 Kf7 25. Rc1 Rac8
26. Rxc8 Rxc8 27. Be3 Ra8 28. Bc5 g6 29. Ke3 h5 30. Kd4 Bf5 31. Ra5 Bd7 32.
Ra3 Bf5 33. Kc3 Rd8 34. Bxa7 Rxd5 35. Kb4 Rd2 36. Be3 Rd8 37. a7 Ra8 38.
Kxb5 Be6 39. Kc6 Rd8 40. Ra5 1-0

[Event "8th ch-Euro"]
[Site "Dresden GER"]
[Date "2007.04.03"]
[Round "1"]
[White "Boettger,L"]
[Black "Sorokin,M"]
[Result "1-0"]
[WhiteElo "2096"]
[BlackElo "2547"]
[EventDate "2007.04.03"]

1. d4 Nf6 2. c4 e6 3. Nc3 Bb4 4. e3 c5 5. Nge2 cxd4 6. exd4 O-O 7. a3 Be7
8. Nf4 Re8 9. Be2 d6 10. O-O Nbd7 11. Be3 Bf8 12. Qd2 b6 13. f3 Bb7 14. d5
Nc5 15. Bd1 Rc8 16. b4 Ncd7 17. dxe6 fxe6 18. Bb3 Ne5 19. c5 d5 20. cxb6
axb6 21. Na4 Nfd7 22. Rac1 Ra8 23. Rfe1 Bc6 24. Rxc6 Nxc6 25. Nxe6 Qc8 26.
Nc7 Bxb4 27. Qxd5+ Kh8 28. Nxe8 1-0

[Event "8th ch-Euro"]
[Site "Dresden GER"]
[Date "2007.04.03"]
[Round "1"]
[White "Potapov,Alexa1"]
[Black "Almond,R"]
[Result "1-0"]
[WhiteElo "2510"]
[BlackElo "2109"]
[EventDate "2007.04.03"]

1. d4 d5 2. c4 e6 3. Nc3 Nf6 4. Bg5 Be7 5. e3 O-O 6. Nf3 Nbd7 7. Rc1 b6 8.
cxd5 exd5 9. Bb5 Bb7 10. O-O a6 11. Ba4 c5 12. Bxd7 Nxd7 13. Bxe7 Qxe7 14.
dxc5 Qxc5 15. e4 Qb5 16. exd5 Nf6 17. Rc2 Rad8 18. Rd2 Qc5 19. Na4 Qa5 20.
d6 Ne4 21. Rd4 Rxd6 22. Rxd6 Nxd6 23. Qxd6 Qxa4 24. Nd4 Qa5 25. Rd1 Re8 26.
Nc2 Qg5 27. Ne3 h6 28. Qxb6 Rxe3 29. Qd8+ Re8 30. Qxe8+ Kh7 31. g3 Qg4 32.
Qd7 f5 33. Kf1 Qf3 34. Qd3 Qg2+ 35. Ke2 Be4 36. Qe3 Bc6 37. Rd6 Bb5+ 38.
Kd2 Qf1 39. Qf3 Qb1 40. Qc3 Qf1 41. Qe3 Qb1 42. Qd4 Qxa2 43. Rb6 Qa5+ 44.
Kc2 Qe1 45. Kb3 Qe2 46. Qd5 Qxf2 47. Rb8 Qe3+ 48. Ka2 Qg5 49. Qg8+ Kg6 50.
Rb6+ Kh5 51. Qd5 Qg4 52. b3 Qe2+ 53. Ka3 Qe7+ 54. Rd6 Qg5 55. Qf3+ Qg4 56.
Qc3 Qg5 57. h3 Qe7 58. Qf3+ Kg5 59. h4+ 1-0

[Event "8th ch-Euro"]
[Site "Dresden GER"]
[Date "2007.04.03"]
[Round "1"]
[White "Hutchinson,N"]
[Black "Berescu,A"]
[Result "0-1"]
[WhiteElo "2110"]
[BlackElo "2495"]
[EventDate "2007.04.03"]

1. e4 e6 2. d4 d5 3. Nd2 Nf6 4. e5 Nfd7 5. c3 c5 6. Ngf3 Nc6 7. Bd3 Be7 8.
O-O a5 9. Re1 cxd4 10. cxd4 Qb6 11. Nb1 Nxd4 12. Nxd4 Qxd4 13. Nc3 Bc5 14.
Nb5 Qxf2+ 15. Kh1 O-O 16. Bg5 Bb4 17. Re3 g6 18. a3 Bd2 19. Rf3 Qxf3 20.
Qxf3 Bxg5 21. Qg3 Bh6 22. Re1 Nc5 23. Bc2 Bd7 24. Nd6 Bc6 25. Qh4 Bg7 26.
b4 axb4 27. axb4 Ne4 28. b5 Nxd6 29. bxc6 Nc4 30. cxb7 Ra7 31. Qe7 Rb8 32.
Rb1 Bxe5 33. Qc5 Ra5 34. Qc6 Ra3 35. Ba4 Rc3 36. Qc8+ Kg7 37. Bd7 Na5 38.
Re1 Nxb7 0-1

[Event "8th ch-Euro"]
[Site "Dresden GER"]
[Date "2007.04.03"]
[Round "1"]
[White "Polak,T"]
[Black "Pick,Stef"]
[Result "1-0"]
[WhiteElo "2500"]
[BlackElo "2067"]
[EventDate "2007.04.03"]

1. d4 d5 2. c4 c6 3. Nf3 Nf6 4. e3 g6 5. Nc3 Bg7 6. Bd3 O-O 7. O-O dxc4 8.
Bxc4 Nbd7 9. a4 a5 10. h3 Nb6 11. Bb3 Nbd5 12. Re1 Be6 13. e4 Nxc3 14. bxc3
Bxb3 15. Qxb3 Qc7 16. Rb1 b5 17. Ba3 Rfb8 18. Ng5 e6 19. e5 Ne8 20. Bc5 h6
21. Ne4 Bf8 22. c4 Bxc5 23. Nxc5 b4 24. Rbd1 Qe7 25. Rd3 Rd8 26. Re4 Ra7
27. Qc2 Qf8 28. Rf4 Qg7 29. Rg3 Re7 30. Qe4 Rc8 31. Nb3 Ra7 32. Qe3 Rca8
33. Rh4 Kh7 34. Nc5 Re7 35. Ne4 Rd8 36. Nf6+ Nxf6 37. exf6 Qxf6 38. Qxh6+
Kg8 39. Qh7+ 1-0

[Event "8th ch-Euro"]
[Site "Dresden GER"]
[Date "2007.04.03"]
[Round "1"]
[White "Schmidt,Rau"]
[Black "Gallagher,Jo"]
[Result "1-0"]
[WhiteElo "1979"]
[BlackElo "2509"]
[EventDate "2007.04.03"]

1. b3 e5 2. Bb2 d6 3. e3 g6 4. d4 Nd7 5. dxe5 dxe5 6. Nf3 Bg7 7. Nbd2 Ne7
8. Nc4 Nc6 9. Qd5 O-O 10. O-O-O Qf6 11. Na5 Ne7 12. Qd2 a6 13. Nxb7 a5 14.
Nxa5 Qf5 15. Bb5 e4 16. Nd4 Qe5 17. a4 Rxa5 18. Qxa5 c6 19. Ba3 cxb5 20.
Qxb5 Qf6 21. Qb4 Qxf2 22. Qxe7 Qxe3+ 23. Kb1 Bxd4 24. Rhe1 Qc3 25. Rxd4
Qxe1+ 26. Ka2 Qf2 27. Rxd7 Qxc2+ 28. Bb2 Bxd7 29. Qf6 Qxb2+ 30. Kxb2 Re8
31. Qd4 Bf5 32. Qe3 Rd8 33. g4 Bxg4 34. Qxe4 Bf5 35. Qb7 Kg7 36. a5 Rd2+
37. Kc3 Rxh2 38. a6 Rc2+ 39. Kd4 Bc8 40. Qb6 Ra2 41. a7 Bh3 42. Qb7 1-0